LEADER 00776nam2-22003011i-450- 001 990000900040403321 005 20001010 035 $a000090004 035 $aFED01000090004 035 $a(Aleph)000090004FED01 035 $a000090004 100 $a20001010d--------km-y0itay50------ba 101 0 $aita 105 $ay-------001yy 200 1 $aVol.22 210 $aLondon$cPitman$d1978. 215 $ap.118$dcm 21 461 0$1001000089206$12001$aMultiparameter Spectral Theory in Hilbert Space$v22 610 0 $aMatematica 700 1$aSleeman,$bB.D.$041406 801 0$aIT$bUNINA$gRICA$2UNIMARC 901 $aBK 912 $a990000900040403321 952 $a000090004000001$fIINTC 959 $aIINTC 996 $aVol.22$9357693 997 $aUNINA DB $aING01